Statistics for All teams that won the NBA.

Click here to take the quiz!

General Stats

  • This quiz has been taken 35 times
  • The average score is 60 of 76

Answer Stats

YearTeam% Correct
2022Golden State Warriors
97%
2018Golden State Warriors
97%
2017Golden State Warriors
97%
2015Golden State Warriors
97%
1965Boston Celtics
94%
1976Boston Celtics
94%
1974Boston Celtics
94%
1969Boston Celtics
94%
1968Boston Celtics
94%
1966Boston Celtics
94%
1962Boston Celtics
94%
1964Boston Celtics
94%
1963Boston Celtics
94%
1986Boston Celtics
94%
1961Boston Celtics
94%
1960Boston Celtics
94%
1959Boston Celtics
94%
1957Boston Celtics
94%
1981Boston Celtics
94%
1984Boston Celtics
94%
2008Boston Celtics
94%
2021Milwaukee Bucks
94%
1971Milwaukee Bucks
94%
2006Miami Heat
87%
2013Miami Heat
87%
2012Miami Heat
87%
1956Philadelphia Warriors
87%
1947Philadelphia Warriors
87%
2019Toronto Raptors
87%
2016Cleveland Cavaliers
84%
2002Los Angeles Lakers
84%
2000Los Angeles Lakers
84%
1972Los Angeles Lakers
84%
2001Los Angeles Lakers
84%
2010Los Angeles Lakers
84%
1982Los Angeles Lakers
84%
2020Los Angeles Lakers
84%
1980Los Angeles Lakers
84%
1985Los Angeles Lakers
84%
1988Los Angeles Lakers
84%
2009Los Angeles Lakers
84%
1987Los Angeles Lakers
84%
2014San Antonio Spurs
84%
2005San Antonio Spurs
84%
2003San Antonio Spurs
84%
2007San Antonio Spurs
84%
1999San Antonio Spurs
84%
1991Chicago Bulls
81%
1998Chicago Bulls
81%
1992Chicago Bulls
81%
1996Chicago Bulls
81%
1993Chicago Bulls
81%
1997Chicago Bulls
81%
2004Detroit Pistons
81%
1989Detroit Pistons
81%
1990Detroit Pistons
81%
2011Dallas Mavericks
77%
1994Houston Rockets
77%
1995Houston Rockets
77%
1970New York Knicks
71%
1973New York Knicks
71%
1979Seattle SuperSonics
68%
1983Philadelphia 76ers
65%
1967Philadelphia 76ers
65%
1977Portland Trail Blazers
65%
1958St. Louis Hawks
58%
1978Washington Bullets
58%
1948Baltimore Bullets
52%
1975Golden State Warriors
39%
1951Rochester Royals
35%
1954Minneapolis Lakers
32%
1953Minneapolis Lakers
32%
1952Minneapolis Lakers
32%
1950Minneapolis Lakers
32%
1949Minneapolis Lakers
32%
1955Syracuse Nationals
29%

Score Distribution

Percentile by Number Answered

Percent of People with Each Score

Your Score History

You have not taken this quiz